Omnibus Science/ (Record no. 186354)

MARC details
000 -LEADER
fixed length control field 00577nam a2200181 4500
005 - DATE AND TIME OF LATEST TRANSACTION
control field 20220224120449.0
010 ## - LCCN (DPL NO)
LC control number ENG-131784
020 ## - INTERNATIONAL STANDARD BOOK NUMBER
International Standard Book Number 9789381950500
Terms of availability 495.00
035 ## - SYSTEM CONTROL NUMBER
System control number EN-115316
037 ## - SOURCE OF ACQUISITION
Source of stock number/acquisition DBAD/PUB
082 ## - DEWEY DECIMAL CLASSIFICATION NUMBER
Classification number 500
245 ## - TITLE STATEMENT
Title Omnibus Science/
Statement of responsibility, etc Shyam Singh Tanwar [et.al...]
260 ## - PUBLICATION, DISTRIBUTION, ETC. (IMPRINT)
Place of publication, distribution, etc Jaipur
Name of publisher, distributor, etc Khandelwal Publisher and Distributors
Date of publication, distribution, etc 2020
270 ## - ADDRESS
Address 57, 1st Floor, Mishra Rajaji ka Rasta
City Jaipur
Postal code 302001
Electronic mail address kpdjpr@gmail.com
300 ## - PHYSICAL DESCRIPTION
Extent 165p.
Dimensions 22cm(pbk)
700 ## - ADDED ENTRY--PERSONAL NAME
Personal name Tanwar, Shyam Singh [et.al...]
942 ## - ADDED ENTRY ELEMENTS (KOHA)
Source of classification or shelving scheme Dewey Decimal Classification
Item type English Books
Classification part 500
Call number suffix TAN
Holdings
Withdrawn status Lost status Not for loan Collection code Home library Current library Date acquired Source of acquisition Cost, normal purchase price Full call number Barcode Copy number Cost, replacement price Koha item type
    Not For Loan Non-fiction D.B.Act.Division Mobile Library 24/02/2022 DBAD/PUB 495.00 500 TAN EN-115316 1 495.00 English Books

© Delhi Public Library
Hit Counter
free hit counter